Detalles MARC
| 000 -LIDER |
| fixed length control field |
01257nam a22003137a 4500 |
| 003 - IDENTIFICACDOR DE NÚMERO DE CONTROL |
| control field |
DO-SdBPM |
| 005 - DATE AND TIME OF LATEST TRANSACTION |
| control field |
20250116113108.0 |
| 008 - ELEMENTOS DE LONGITUD FIJA |
| fixed length control field |
170112b 2008 ck 00| 0 spa d |
| 020 ## - ISBN |
| International Standard Book Number |
9789974811331 (obra completa) |
| 020 ## - ISBN |
| International Standard Book Number |
9789974811348 (1) |
| 020 ## - ISBN |
| International Standard Book Number |
9789974811355 (2) |
| 040 ## - FUENTE DE CATALOGACIÓN |
| Agencia que crea de manera original el registro |
DO-SdBPM |
| Idioma de catalogación |
spa |
| Agencia que realiza la transcripción |
BPMSU |
| 082 #4 - NÚMERO DE CLASIFICACIÓN DECIMAL DE DEWEY |
| Classification number |
372.21 |
| Item number |
B914e 2008 |
| Edition number |
22 |
| 100 1# - ASIENTO PRINCIPAL -- NOMBRE PERSONAL |
| Nombre personal |
Bruzzo, Mariana. |
| 245 10 - MENCIÓN DE TITULO |
| Título |
Escuela maternal / |
| Mención de responsabilidad |
Mariana Bruzzo, Martha Jacubovich ; ilustraciones Fernando Brancaccio, Martín Bustamante. |
| Subtítulo |
|
| 246 14 - VARIACION DEL TÍTULO |
| Título propiamente dicho o título corto |
Escuela maternal : |
| Subtítulo |
para docentes de niños desde 45 días hasta 3 años de edad |
| 250 ## - MENCIÓN DE EDICION |
| Mención de edición |
|
| 260 ## - PUBLICACIÓN, DISTRIBUCIÓN, ETC. (PIE DE IMPRENTA) |
| Lugar de publicación, distribución, etc |
Buenos Aires, Argentina : |
| Nombre del editor, distribuidor, etc. |
Círculo Latino Austral, |
| Fecha de publicación, distribución, etc |
2009 |
| Materiales especificados |
|
| 300 ## - DESCRIPCIÓN FÍSICA |
| Extensión |
2 v : |
| Otros detalles físicos |
il. ; |
| Dimensiones |
29 cm. + |
| Material complementario |
CD-ROM |
| 505 0# - NOTA DE CONTENIDO |
| Texto normalizado de contenido |
Actividades lúdicas, juegos y juguetes -- Puericultura y desarrollo saludable -- Diseño y organización del ambiente -- Estimulación temprana -- Lactantes y deambuladores. |
| 590 ## - NOTA LOCAL |
| Texto de la nota local |
Inventariado, 2025/VM |
| 650 #4 - ENCABEZAMIENTO DE MATERIA--TEMÁTICO |
| Término temático o nombre geográfico como elemento de entrada |
Educación preescolar |
| 650 #4 - ENCABEZAMIENTO DE MATERIA--TEMÁTICO |
| Término temático o nombre geográfico como elemento de entrada |
Jardines infantiles |
| 700 1# - ASIENTO SECUNDARIO -- NOMBRE PERSONAL |
| Nombre personal |
Brancaccio, Fernando. |
| Mención de responsabilidad |
ilustraciones |
| 700 1# - ASIENTO SECUNDARIO -- NOMBRE PERSONAL |
| Nombre personal |
Bustamante, Martín, |
| Mención de responsabilidad |
ilustraciones |
| 710 2# - ASIENTO SECUNDARIO -- NOMBRE CORPORATIVO |
| Nombre corporativo o de jurisdicción |
Lexus |
| 910 ## - VALIDACIÓN |
| Validación |
VMateo V. Control de calidad. BPMSU |
| 942 ## - ADDED ENTRY ELEMENTS (KOHA) |
| Source of classification or shelving scheme |
Dewey Decimal Classification |
| Koha item type |
Libros |